[Event "Gibraltar U16 op 5th"]
[Site "Gibraltar"]
[Date "2015.08.21"]
[Round "1"]
[White "Whatley, Stephen Arthur"]
[Black "Ali, Niall"]
[Result "1-0"]
[WhiteElo "2025"]
[BlackElo "1793"]
[PlyCount "51"]
[EventDate "2015.08.21"]
[EventType "swiss"]
[EventRounds "6"]
[EventCountry "ENG"]
[SourceTitle "EXT 2025"]
[Source "ChessBase"]
[SourceDate "2024.10.14"]
[SourceVersion "1"]
[SourceVersionDate "2024.10.14"]
[SourceQuality "1"]

1. e4 e6 2. d4 d5 3. Nc3 Bb4 4. exd5 exd5 5. Bd3 Nc6 6. a3 Ba5 7. Be3 Nf6 8. Qf3 0-0 9. h3 Re8 10. Nge2 Bxc3+ 11. bxc3 Na5 12. 0-0 c6 13. Ng3 Nc4 14. Bg5 h6 15. Bf4 Nd7 16. Nh5 Nf6 17. Ng3 Nd6 18. Rfe1 Be6 19. Re5 Nc4 20. Re2 Bd7 21. Rxe8+ Qxe8 22. Bxh6 Qe7 23. Bg5 Re8 24. Nh5 Qd6 25. Bxf6 gxf6 26. Nxf6+ 1-0

[Event "London Classic op 6th"]
[Site "London"]
[Date "2014.12.14"]
[Round "8"]
[White "Ali, Niall"]
[Black "Miu, Marinel"]
[Result "0-1"]
[WhiteElo "1553"]
[BlackElo "1743"]
[PlyCount "82"]
[EventDate "2014.12.08"]
[EventType "swiss"]
[EventRounds "9"]
[EventCountry "ENG"]
[SourceTitle "CBM 163 Extra"]
[Source "ChessBase"]
[SourceDate "2014.12.23"]
[SourceVersion "1"]
[SourceVersionDate "2014.12.23"]
[SourceQuality "1"]

1. c4 Nf6 2. Nf3 b6 3. g3 Bb7 4. Bg2 g6 5. Nc3 c5 6. 0-0 Bg7 7. b3 d5 8. cxd5 Nxd5 9. Bb2 Nxc3 10. Bxc3 Bxc3 11. dxc3 Qxd1 12. Raxd1 Nd7 13. Rd2 Nf6 14. Rfd1 Rb8 15. Ne5 Bxg2 16. Kxg2 0-0 17. Nd7 Nxd7 18. Rxd7 a5 19. c4 Rfe8 20. Kf3 Kg7 21. Ke4 Kf6 22. R1d3 Ke6 23. Rc7 Red8 24. Rxd8 Rxd8 25. Rc6+ Rd6 26. Rxd6+ exd6 27. h4 f5+ 28. Kf4 d5 29. cxd5+ Kxd5 30. Kg5 b5 31. Kh6 Ke6 32. Kxh7 Kf6 33. g4 fxg4 34. e4 c4 35. e5+ Kxe5 36. Kxg6 c3 37. h5 c2 38. h6 c1Q 39. h7 Qh1 40. Kg7 Kf4 41. h8Q Qxh8+ 0-1

[Event "London Classic op 6th"]
[Site "London"]
[Date "2014.12.12"]
[Round "5"]
[White "Slade, Theodore"]
[Black "Ali, Niall"]
[Result "1-0"]
[WhiteElo "1869"]
[BlackElo "1553"]
[PlyCount "85"]
[EventDate "2014.12.08"]
[EventType "swiss"]
[EventRounds "9"]
[EventCountry "ENG"]
[SourceTitle "CBM 163 Extra"]
[Source "ChessBase"]
[SourceDate "2014.12.23"]
[SourceVersion "1"]
[SourceVersionDate "2014.12.23"]
[SourceQuality "1"]

1. d4 Nf6 2. c4 Nc6 3. Nf3 e6 4. Nc3 Bb4 5. a3 Bxc3+ 6. bxc3 d6 7. Qc2 e5 8. e4 0-0 9. d5 Ne7 10. h3 Ng6 11. Bd3 Nxe4 12. Bxe4 f5 13. Ng5 fxe4 14. Nxe4 Bf5 15. Qe2 Nf4 16. Bxf4 Bxe4 17. Qxe4 Rxf4 18. Qe2 Qf6 19. 0-0 Rf8 20. Rab1 b6 21. Rb2 a5 22. Re1 Qh4 23. Qf1 Re4 24. Rxe4 Qxe4 25. g3 Rf3 26. c5 dxc5 27. Qa6 Qxd5 28. Qc8+ Rf8 29. Qxc7 Qd1+ 30. Kh2 Qe1 31. Kg2 Qxc3 32. Qxb6 Qf3+ 33. Kg1 Qxa3 34. Qe6+ Kh8 35. Qe7 Rg8 36. Qxe5 Qa1+ 37. Kg2 a4 38. Qe2 Qa3 39. Rb7 Qc3 40. Qb5 Qe5 41. Ra7 Qd5+ 42. Kg1 Ra8 43. Qd7 1-0

[Event "London Classic op 6th"]
[Site "London"]
[Date "2014.12.10"]
[Round "3"]
[White "White, Alastair F"]
[Black "Ali, Niall"]
[Result "1-0"]
[WhiteElo "2058"]
[BlackElo "1553"]
[PlyCount "53"]
[EventDate "2014.12.08"]
[EventType "swiss"]
[EventRounds "9"]
[EventCountry "ENG"]
[SourceTitle "CBM 163 Extra"]
[Source "ChessBase"]
[SourceDate "2014.12.23"]
[SourceVersion "1"]
[SourceVersionDate "2014.12.23"]
[SourceQuality "1"]

1. e4 e6 2. b3 d5 3. Bb2 dxe4 4. Nc3 f5 5. f3 exf3 6. Nxf3 Nf6 7. Bc4 Bd6 8. Qe2 Qe7 9. Ng5 Nc6 10. Nb5 Nd8 11. Nxd6+ cxd6 12. 0-0 h6 13. Nf3 0-0 14. Nh4 Kh7 15. Nxf5 Qc7 16. Nh4 d5 17. Bd3+ Kg8 18. Ng6 Rf7 19. Ne5 Re7 20. Ba3 Qb6+ 21. Kh1 Rc7 22. Rxf6 gxf6 23. Qh5 Rc5 24. Qe8+ Kg7 25. Qe7+ Kg8 26. Bh7+ Kh8 27. Ng6# 1-0

[Event "London Classic op 6th"]
[Site "London"]
[Date "2014.12.08"]
[Round "1"]
[White "Haldorsen, Benjamin"]
[Black "Ali, Niall"]
[Result "1-0"]
[WhiteElo "2096"]
[BlackElo "1553"]
[PlyCount "73"]
[EventDate "2014.12.08"]
[EventType "swiss"]
[EventRounds "9"]
[EventCountry "ENG"]
[SourceTitle "CBM 163 Extra"]
[Source "ChessBase"]
[SourceDate "2014.12.23"]
[SourceVersion "1"]
[SourceVersionDate "2014.12.23"]
[SourceQuality "1"]

1. e4 e6 2. d4 d5 3. Nc3 Bb4 4. a3 Bxc3+ 5. bxc3 c5 6. exd5 exd5 7. Nf3 Nc6 8. Be2 Bf5 9. 0-0 Nf6 10. Rb1 Qc7 11. dxc5 0-0 12. Bg5 Ne4 13. Qxd5 Nxc3 14. Qxf5 Nxe2+ 15. Kh1 Ncd4 16. Nxd4 Nxd4 17. Qd5 Ne6 18. Rxb7 Qxc5 19. Qxc5 Nxc5 20. Rb5 Rfc8 21. Be3 Ne6 22. Rfb1 Rxc2 23. Rb8+ Rxb8 24. Rxb8+ Nf8 25. g3 a6 26. Bf4 Rc6 27. Rd8 f5 28. Bd6 Rxd6 29. Rxd6 Kf7 30. Rxa6 Ne6 31. Kg2 Kf6 32. h4 g6 33. Kf3 Ke5 34. Rxe6+ Kxe6 35. Kf4 h6 36. a4 Kd6 37. h5 1-0

[Event "BCF-ch U12"]
[Site "Aberystwyth"]
[Date "2014.07.29"]
[Round "4"]
[White "Beckinsale, James"]
[Black "Ali, Niall"]
[Result "1/2-1/2"]
[WhiteElo "101"]
[BlackElo "117"]
[PlyCount "39"]
[EventDate "2014.07.27"]
[EventType "swiss"]
[EventRounds "7"]
[EventCountry "WLS"]
[SourceTitle "EXT 2017"]
[Source "ChessBase"]
[SourceDate "2016.10.25"]
[SourceVersion "1"]
[SourceVersionDate "2016.10.25"]
[SourceQuality "1"]

1. d4 Nf6 2. Nf3 e6 3. Nbd2 Nc6 4. e3 d6 5. c3 g6 6. Bd3 Bg7 7. 0-0 0-0 8. Re1 e5 9. Qc2 Re8 10. e4 Nh5 11. d5 Ne7 12. Ng5 h6 13. Ngf3 g5 14. Be2 f5 15. Nxg5 Nf4 16. Ngf3 Nexd5 17. exd5 e4 18. Nd4 Nxg2 19. Kxg2 Qh4 20. N2f3 1/2-1/2

[Event "Hampstead op U2200 10"]
[Site "Hampstead"]
[Date "2013.10.26"]
[Round "1"]
[White "Fenwick, Hugh"]
[Black "Ali, Niall"]
[Result "1-0"]
[WhiteElo "1869"]
[BlackElo "1562"]
[PlyCount "59"]
[EventDate "2013.10.26"]
[EventType "swiss"]
[EventRounds "5"]
[EventCountry "ENG"]
[SourceTitle "EXT 2015"]
[Source "ChessBase"]
[SourceDate "2014.11.20"]
[SourceVersion "1"]
[SourceVersionDate "2014.11.20"]
[SourceQuality "1"]

1. e4 e6 2. d4 d5 3. e5 c5 4. c3 Nc6 5. Nf3 f6 6. Bd3 Nh6 7. 0-0 Nf7 8. Re1 cxd4 9. cxd4 Qb6 10. Nc3 fxe5 11. dxe5 Bd7 12. Nxd5 exd5 13. e6 Bxe6 14. Rxe6+ Be7 15. Be3 Qc7 16. Ng5 Nxg5 17. Bxg5 Kf7 18. Qf3+ Bf6 19. Qxd5 Kf8 20. Bxf6 gxf6 21. Rxf6+ Ke8 22. Re1+ Ne5 23. Rxe5+ Qxe5 24. Qxe5+ Kd7 25. Bf5+ Kd8 26. Qd6+ Ke8 27. Bd7+ Kd8 28. Bc6+ Kc8 29. Qd7+ Kb8 30. Qxb7# 1-0